Kto tvrdí, že Slovensko nechce do NATO? O celoslovenskom štafetovom pochode "Aj Slovensko do Európy"

Bibliographic Details
Main Authors: Hrinková, Heňa (Author), Babarík, Ján, 1970- (Author)
Format: Article
Language:Slovak
PhysicalDescription:Obr. 3
Subjects:

MARC

LEADER 00000nab a2200000 a 4500
001 vtls000624983
003 SK-MaSNL
005 20260426070805.0
008 201103c1997 xo 0 slo
015 |a SNBRB19rr/mm-uuuuu 
035 |a CL0625122 
040 |a SNKBUCL  |b slo  |c SNKBUCL  |e AACR2 
041 0 |a slo 
044 |a xo  |c SK 
080 |a 327(437.6):327.51(100)  |2 1981 
080 |a 327.51(100)  |2 1981 
100 1 |a Hrinková, Heňa  |4 aut  |9 1324143 
245 1 0 |a Kto tvrdí, že Slovensko nechce do NATO?  |b O celoslovenskom štafetovom pochode "Aj Slovensko do Európy"  |c Heňa Hrinková, Ján Babarík 
300 |b Obr. 3 
650 0 7 |a NATO  |2 snkbucl  |9 145807 
651 7 |a Slovensko  |2 SNKPHgeo  |9 14231 
655 7 |a články z novín a časopisov  |2 snkbucl  |9 267496 
700 1 |a Babarík, Ján,  |d 1970-  |4 aut  |9 151700 
773 0 |t Mosty  |g Roč. 6, č. 21 (1997), s. 4-5 
850 |a Slovenská národná knižnica v Martine  |a MTA001 
852 |a SNK  |b KIS3GCP 
958 |a SK 
958 |a RK 
958 |a RBX 
999 |c 2671221  |d 2673151